000 00497ntaaa2200193 4500
003 01
005 20251027202213.0
008 0714s1973 ag 01
040 _aAR-BaBN
_bspa
_cAR-BaBN
_eaacr
_dRIC
082 _a267.6120 M58
100 _aMiilus, Leopoldo
_920572
245 _aApuntes
250 _a1 ed.
260 _as.l. :
_bRamos Mejía,
_c1964
300 _a39 p
500 _aCrónica de la segunda conferencia nacional del MEC de Argentina
650 _aobra estudiantil
942 _cBK
999 _c16928
_d16928